Việt sử giai thoại Tập 2 51 giai thoại thời Lý

Giới thiệu 51 giai thoại thời Lý trong lịch sử trung đại Việt Nam gắn liền với các sự kiện về vua Lý Thái Tổ, Lý Thái Tông, Dương Thái Hậu, Ỷ Lan, thái tử Lý Long Xưởng, quan hoạn Phạm Bỉnh Di

Uloženo v:
Podrobná bibliografie
Hlavní autor: Nguyễn Khắc Thuần (Tác giả)
Médium: Kniha
Jazyk:Vietnamese
Vydáno: H. Giáo dục 2006
Vydání:Tái bản lần thứ 11
Témata:
Tagy: Přidat tag
Žádné tagy, Buďte první, kdo otaguje tento záznam!
Thư viện lưu trữ: Mạng thư viện Đại học Đà Nẵng
LEADER 01409nam a2200361 4500
001 000009996
003 6195
005 20111107091106.0
008 111107s2006 viesd
020 |c 6100đ 
041 0 |a vie 
082 |a 959.78  |b NG-T 
100 0 |a Nguyễn Khắc Thuần  |e Tác giả 
245 1 0 |a Việt sử giai thoại  |c Nguyễn Khắc Thuần  |n Tập 2  |p 51 giai thoại thời Lý 
250 |a Tái bản lần thứ 11 
260 |a H.  |b Giáo dục  |c 2006 
300 |a 89tr.  |c 20cm 
504 |a Mục lục tr88 
520 |a Giới thiệu 51 giai thoại thời Lý trong lịch sử trung đại Việt Nam gắn liền với các sự kiện về vua Lý Thái Tổ, Lý Thái Tông, Dương Thái Hậu, Ỷ Lan, thái tử Lý Long Xưởng, quan hoạn Phạm Bỉnh Di 
653 |a Việt sử 
653 |a Giai thoại 
773 |t Việt sử giai thoại  |w 6192 
910 |a Thương  |d 07/11/2011 
OWN |a LSP 
AVA |a UDN50  |b LSP  |d 959.78 NG-T  |e available  |t Error 5001 Not defined in file expand_doc_bib_avail.  |f 5  |g 0  |h N  |i 0  |k 1 
999 |a From the UDN01 
AVA |a UDN50  |b LSP  |d 959.78 NG-T  |e available  |t Error 5001 Not defined in file expand_doc_bib_avail.  |f 5  |g 0  |h N  |i 0  |k 1 
TYP |a Monograph 
TYP |a Printed language 
980 |a Mạng thư viện Đại học Đà Nẵng